Industrial Metabolism, the Environment and Application of Materials - Balance Principles for Selected Chemicals

Uložené v:
Podrobná bibliografia
Médium: Kniha
Jazyk:English
Vydavateľské údaje: Laxenburg International Institute for Applied Systems Analysis 1989
Vydanie:1. ed.
Tagy: Pridať tag
Žiadne tagy, Buďte prvý, kto otaguje tento záznam!

MARC

LEADER 00000nam a2200000 4500
001 c036915
005 20221215113930.2
041 0 |a eng 
044 |a AT 
245 1 0 |a Industrial Metabolism, the Environment and Application of Materials - Balance Principles for Selected Chemicals 
250 |a 1. ed. 
264 1 |a Laxenburg  |b International Institute for Applied Systems Analysis  |c 1989 
300 |a 118 s.